Probability theory and statistical inference : (Record no. 15363)

000 -LEADER
fixed length control field 00529cam a2200169 a 4500
020 ## - INTERNATIONAL STANDARD BOOK NUMBER
ISBN 0521413540
020 ## - INTERNATIONAL STANDARD BOOK NUMBER
ISBN 0521424089 (pbk.)
040 ## - CATALOGING SOURCE
Transcribing agency DLC
082 00 - DEWEY DECIMAL CLASSIFICATION NUMBER
Classification number 330 CAM 1999 A063 Or.
100 1# - MAIN ENTRY--AUTHOR NAME
Personal name Spanos, Aris,
245 10 - TITLE STATEMENT
Title Probability theory and statistical inference :
Remainder of title econometric modeling with observational data /
260 ## - PUBLICATION, DISTRIBUTION, ETC. (IMPRINT)
Place of publication Cambridge, UK ;
-- New York, NY, USA :
Name of publisher Cambridge University Press,
Year of publication c1999
300 ## - PHYSICAL DESCRIPTION
Number of Pages xxvii, 815 p. :
Other physical details ill. ;
Dimensions 25 cm
650 #0 - SUBJECT ADDED ENTRY--TOPICAL TERM
Topical Term Econometrics
650 #0 - SUBJECT ADDED ENTRY--TOPICAL TERM
Topical Term Probabilities
942 ## - ADDED ENTRY ELEMENTS (KOHA)
Koha item type សៀវភៅភាសាអង់គ្លេស
952 ## - LOCATION AND ITEM INFORMATION (KOHA)
Withdrawn status [LOCAL, KOHA] 0
Holdings
Permanent Location Date acquired Koha item type Lost status Shelving location Barcode Current Location Full call number
Library Block A2017-11-20សៀវភៅភាសាអង់គ្លេស A063A05991Library Block A330 CAM 1999 A063 Or.
មជ្ឈមណ្ឌលឯការនៃសាកលវិទ្យាល័យភូមិន្ទកសិកម្មចំការដូង

Powered by Koha